Statistiken für Die 10 Länder mit der niedrigsten Geburtenrate

Klicken Sie hier um das Quiz zu spielen!

Allgemein

  • Dieses Quiz wurde 83 mal gespielt
  • Das Durchschnittsergebnis liegt bei 3 aus 10

Antwortstatistiken

GeburtenrateLand% Korrekt
1,23Südkorea
54%
1,33Polen
44%
1,33Spanien
38%
1,23Singapur
37%
1,11Taiwan
34%
1,28Portugal
31%
1,33Ungarn
21%
1,27Moldawien
14%
1,20Hongkong
6%
1,31Bosnien und Herzegowina
0%

Verteilung der Resultate

Perzentil nach korrekt beantworteten Fragen

Anzahl Personen mit jedem Resultat

Ihre Resultats-Entwicklung

Sie haben dieses Quiz noch nicht gespielt